| 000 | 00923cam a2200205 4500 | ||
|---|---|---|---|
| 001 | WB@3612-569 | ||
| 008 | 040916n2004 000 0 eng u | ||
| 035 | _a(Sirsi) u127430 | ||
| 245 | _aVoluntary code of leasing practice | ||
| 260 | _c2004 | ||
| 490 |
_aEgi News Release _v3 September 2004 (1) |
||
| 520 | _aThe government has begun a consultation process on whether or not to legislate leasing practice next year. The ODPM has warned that the industry is not adapting quickly enough to the voluntary code of leasing practice - upward-only rent reviews and rigid conditions are still standard, although break options are now becoming more available. http://www.egi.co.uk/News_detail.asp?news_id=18916 5 | ||
| 590 | _aWB | ||
| 590 | _aWB | ||
| 650 | _aCODE OF PRACTICE | ||
| 650 | _aUPWARD ONLY RENT REVIEWS | ||
| 650 | _aCOMMERCIAL LEASES | ||
| 690 | _aLANDLORD AND TENANT-BUSINESS TENANCIES | ||
| 942 | _n0 | ||
| 999 |
_c118008 _d118008 |
||